| 000 | 00354cam a2200145ua 4500 | ||
|---|---|---|---|
| 041 |
_aeng _h |
||
| 082 |
_a821 _bSPE/SP |
||
| 100 | _aSpenser, . | ||
| 245 |
_aSpensor: Selections / _cSpenser. _hTextual Documents |
||
| 260 |
_aLondon : _bOxford at the Clarendon Press , _c1959. |
||
| 300 | _a208 ; . | ||
| 504 | _a | ||
| 942 | _cBK | ||
| 999 |
_c4747 _d4747 |
||